| 000 | 01042nam a2200217Ia 4500 | ||
|---|---|---|---|
| 999 |
_c34861 _d34861 |
||
| 001 | 679 | ||
| 003 | GE_BSU | ||
| 005 | 20221222152747.0 | ||
| 008 | 181216s2006||||ge |||||||||||||| ||geo|| | ||
| 020 | _a9992884444 | ||
| 040 | _cGE_BSU | ||
| 080 | _a347.961(479.22)(094.1) ნ-88 | ||
| 245 |
_aნოტარიუსის სამაგიდო წიგნი: ცვლილებითა და დამატებებით 2006 წლის 20 წლის ნოემბრამდე : _bნორმატიული აქტების კრებული. |
||
| 264 |
_aთბილისი : _bბონა კაუზა, _c2006. |
||
| 300 |
_a250 გვ.; _b20 სმ. |
||
| 490 | _aიურისტის ბიბლიოთეკა | ||
| 653 | _aნოტარიუსის სამაგიდო წიგნი | ||
| 653 | _aსამართალი | ||
| 653 | _aსაქართველოს კანონი ნოტარიუსის შესახებ | ||
| 942 |
_cBK _2udc |
||